Electromechanical devices & components illustrated sourcebook

This quick-find reference provides illustrations, descriptions, and relevant calculations for 2,000 time-tested electromechanical components which are essential to the design, repair, or operation of your electromechanical devices,

में बचाया:
ग्रंथसूची विवरण
मुख्य लेखक: Elliott, Brian S.
स्वरूप: पुस्तक
भाषा:Undetermined
प्रकाशित: New York McGraw-Hill 2007
विषय:
टैग : टैग जोड़ें
कोई टैग नहीं, इस रिकॉर्ड को टैग करने वाले पहले व्यक्ति बनें!
Thư viện lưu trữ: Trung tâm Học liệu Trường Đại học Cần Thơ
LEADER 00828nam a2200205Ia 4500
001 CTU_133395
008 210402s9999 xx 000 0 und d
020 |c 1457000 
082 |a 621.31042 
082 |b E46 
100 |a Elliott, Brian S. 
245 0 |a Electromechanical devices & components illustrated sourcebook 
245 0 |c Brian S. Elliott 
260 |a New York 
260 |b McGraw-Hill 
260 |c 2007 
520 |a This quick-find reference provides illustrations, descriptions, and relevant calculations for 2,000 time-tested electromechanical components which are essential to the design, repair, or operation of your electromechanical devices, 
650 |a Electromechanical devices,Thiết bị cơ điện 
904 |i Huỳnh Mai,Hải 
980 |a Trung tâm Học liệu Trường Đại học Cần Thơ